[Event "Sao Paulo Carnaval op"]
[Site "Sao Paulo"]
[Date "2025.03.03"]
[Round "5"]
[White "De Menezes, Ricardo Fagner Dias"]
[Black "Leal, Paulo Tarcisio Garc"]
[Result "1/2-1/2"]
[WhiteElo "1914"]
[BlackElo "2034"]
[PlyCount "149"]
[EventDate "2025.03.01"]
[EventType "swiss (rapid)"]
[EventRounds "6"]
[EventCountry "BRA"]
[SourceTitle "CB10_2025"]
[SourceDate "2025.03.05"]
[SourceVersion "1"]
[SourceVersionDate "2025.03.05"]
[SourceQuality "1"]

1. d4 g6 2. c4 Bg7 3. Nf3 Nf6 4. g3 0-0 5. Bg2 c5 6. 0-0 cxd4 7. Nxd4 Nc6 8. Nxc6 dxc6 9. Qc2 Bf5 10. e4 Be6 11. Rd1 Qc8 12. c5 Bg4 13. Re1 Bh3 14. Bh1 Ng4 15. Nc3 Bd4 16. Nd1 Qe6 17. Be3 Nxe3 18. Nxe3 Qe5 19. Rac1 Bxe3 20. Rxe3 Rad8 21. Bg2 Bxg2 22. Kxg2 Rd7 23. Qc3 Qxc3 24. Rcxc3 Rfd8 25. Rb3 f6 26. Rb4 Rc7 27. a4 a5 28. Rc4 Rd2 29. b4 Rb2 30. bxa5 Rd7 31. Rcc3 Rdd2 32. Rf3 Kf7 33. Rcd3 Rdc2 34. e5 f5 35. g4 Ke6 36. gxf5+ gxf5 37. Rd8 Rxc5 38. a6 bxa6 39. Rh8 Rxe5 40. Rxh7 Rb4 41. Rc3 Kd7 42. Rh6 e6 43. Rd3+ Kc7 44. a5 c5 45. Rh7+ Kc6 46. Ra7 Rd5 47. Re3 e5 48. Rxa6+ Kb5 49. Re6 e4 50. Ra3 Ra4 51. Rxa4 Kxa4 52. a6 c4 53. a7 Ra5 54. Rc6 Kb5 55. Rc7 c3 56. Rb7+ Kc4 57. h4 c2 58. Rc7+ Kd3 59. Rd7+ Ke2 60. Rc7 Kd1 61. Rd7+ Ke1 62. Rc7 Rxa7 63. Rxc2 Rg7+ 64. Kh3 f4 65. Rc4 e3 66. fxe3 fxe3 67. h5 e2 68. Re4 Kf2 69. Kh4 Kf3 70. Rxe2 Kxe2 71. h6 Rg1 72. Kh5 Kf3 73. h7 Kf4 74. Kh6 Rh1+ 75. Kg7 1/2-1/2

[Event "Sao Paulo Carnaval op"]
[Site "Sao Paulo"]
[Date "2025.03.03"]
[Round "6"]
[White "Leal, Paulo Tarcisio Garc"]
[Black "Oliveira, Guilherme Martins"]
[Result "0-1"]
[WhiteElo "2034"]
[BlackElo "1946"]
[PlyCount "53"]
[EventDate "2025.03.01"]
[EventType "swiss (rapid)"]
[EventRounds "6"]
[EventCountry "BRA"]
[SourceTitle "CB10_2025"]
[SourceDate "2025.03.05"]
[SourceVersion "1"]
[SourceVersionDate "2025.03.05"]
[SourceQuality "1"]

1. d4 d6 2. Nf3 g6 3. e4 Nf6 4. Bd3 Bg7 5. c3 0-0 6. h3 c5 7. Be3 Nbd7 8. Nbd2 e5 9. d5 Nh5 10. g3 b5 11. Bxb5 Rb8 12. Bd3 f5 13. exf5 gxf5 14. Ng5 Ndf6 15. g4 f4 16. Bxc5 e4 17. Bxa7 Rxb2 18. gxh5 e3 19. fxe3 Nxd5 20. Rg1 fxe3 21. Nde4 Nxc3 22. Ne6 Qh4+ 23. Ng3 Bxe6 24. Qc1 Nd5 25. Kd1 Rd2+ 26. Ke1 Qb4 27. Rb1 0-1

[Event "Paulista-chTA"]
[Site "Sao Paulo"]
[Date "2023.03.04"]
[Round "2"]
[White "Limberg, Estacio Vermelho"]
[Black "Leal, Paulo Tarcisio Garc"]
[Result "1-0"]
[WhiteElo "2249"]
[BlackElo "2034"]
[PlyCount "68"]
[EventDate "2023.03.03"]
[EventType "team-tourn"]
[EventRounds "5"]
[EventCountry "BRA"]
[SourceTitle "CBM 213 Extra"]
[Source "ChessBase"]
[SourceDate "2023.05.31"]
[SourceVersion "1"]
[SourceVersionDate "2023.05.31"]
[SourceQuality "1"]
[WhiteTeam "AXSCS"]
[BlackTeam "PMFC"]
[WhiteTeamCountry "BRA"]
[BlackTeamCountry "BRA"]

1. c4 d6 2. Nc3 e5 3. e3 Nc6 4. d4 Nf6 5. Nf3 Bg4 6. Be2 exd4 7. Nxd4 Bxe2 8. Ndxe2 Qd7 9. 0-0 Be7 10. b3 Ne5 11. e4 c6 12. f4 Ng6 13. Qd3 Qc7 14. Nd4 0-0-0 15. Nf5 Bf8 16. Kh1 Ne7 17. Nd4 Nd7 18. b4 g6 19. Be3 a6 20. Rab1 Bg7 21. Rfe1 Rhe8 22. b5 Nc5 23. Qc2 Rd7 24. Nde2 Kd8 25. e5 Nf5 26. Bf2 b6 27. bxc6 Qxc6 28. Nd5 Rb7 29. Nb4 Qe4 30. Qd2 Rd7 31. Nc3 Qb7 32. Nbd5 b5 33. cxb5 a5 34. Na4 Nxa4 1-0

[Event "Paulista-chTA"]
[Site "Sao Paulo"]
[Date "2023.03.03"]
[Round "1"]
[White "Gerbelli Neto, Eduardo"]
[Black "Leal, Paulo Tarcisio Garc"]
[Result "0-1"]
[WhiteElo "2114"]
[BlackElo "2034"]
[PlyCount "72"]
[EventDate "2023.03.03"]
[EventType "team-tourn"]
[EventRounds "5"]
[EventCountry "BRA"]
[SourceTitle "CBM 213 Extra"]
[Source "ChessBase"]
[SourceDate "2023.05.31"]
[SourceVersion "1"]
[SourceVersionDate "2023.05.31"]
[SourceQuality "1"]
[WhiteTeam "LXSBC"]
[BlackTeam "PMFC"]
[WhiteTeamCountry "BRA"]
[BlackTeamCountry "BRA"]

1. e4 c5 2. Nc3 Nc6 3. f4 g6 4. Nf3 Bg7 5. Bc4 d6 6. 0-0 Bd7 7. d3 a6 8. a4 Nh6 9. h3 Nd4 10. Nxd4 Bxd4+ 11. Kh1 Bg7 12. Qf3 Bc6 13. Qg3 f5 14. Bd2 b6 15. Rae1 Qd7 16. Nd5 Qb7 17. Qh4 b5 18. axb5 axb5 19. Bb3 c4 20. dxc4 fxe4 21. Ne3 bxc4 22. Bxc4 d5 23. Bb3 d4 24. Nc4 e3 25. Rg1 Nf5 26. Qg4 exd2 27. Nxd2 Bd5 28. Nc4 0-0 29. Kh2 Kh8 30. Qe2 Qc7 31. g3 Bxc4 32. Bxc4 Ne3 33. Bd3 e5 34. fxe5 Rae8 35. Qd2 Bxe5 36. Rxe3 dxe3 0-1

[Event "Sao Paulo-chT"]
[Site "Sao Paulo"]
[Date "2019.03.09"]
[Round "5.2"]
[White "Costa, Iaggo Bernini"]
[Black "Leal, Paulo Tarcisio Garc"]
[Result "0-1"]
[WhiteElo "1516"]
[BlackElo "2034"]
[PlyCount "68"]
[EventDate "2019.02.23"]
[EventType "team-tourn"]
[EventRounds "7"]
[EventCountry "BRA"]
[SourceTitle "CBM 189 Extra"]
[Source "ChessBase"]
[SourceDate "2019.05.31"]
[SourceVersion "1"]
[SourceVersionDate "2019.05.31"]
[SourceQuality "1"]
[WhiteTeam "Sao Jose Medicina"]
[BlackTeam "PMFC"]
[WhiteTeamCountry "BRA"]
[BlackTeamCountry "BRA"]

1. e4 d6 2. Nf3 Nf6 3. Nc3 Nc6 4. Be2 e5 5. d3 h6 6. Be3 d5 7. exd5 Nxd5 8. Nxd5 Qxd5 9. 0-0 Be7 10. Nd2 0-0 11. Nc4 f5 12. f4 Bf6 13. fxe5 Nxe5 14. Nxe5 Qxe5 15. Bc1 Bd7 16. c3 Rae8 17. Bf3 b6 18. d4 Qd6 19. Bh5 Re4 20. Qf3 Bb5 21. Rd1 Be2 22. Qxe2 Rxe2 23. Bxe2 Bg5 24. Bxg5 hxg5 25. Rf1 g6 26. Rf2 Re8 27. Bd3 Re3 28. Bc4+ Kg7 29. Raf1 g4 30. g3 c6 31. Bb3 a5 32. a4 b5 33. Rc1 Qe7 34. Ba2 Re1+ 0-1

[Event "Sao Bernardo do Campo LXSBC fin-B"]
[Site "Sao Bernardo do Campo"]
[Date "2016.01.24"]
[Round "3"]
[White "Awoki, Daniel Teidi"]
[Black "Leal, Paulo Tarcisio Garc"]
[Result "1-0"]
[WhiteElo "2065"]
[BlackElo "2063"]
[PlyCount "91"]
[EventDate "2016.01.23"]
[EventType "tourn"]
[EventRounds "9"]
[EventCountry "BRA"]
[SourceTitle "EXT 2017"]
[Source "ChessBase"]
[SourceDate "2016.10.25"]
[SourceVersion "1"]
[SourceVersionDate "2016.10.25"]
[SourceQuality "1"]

1. e4 Nf6 2. e5 Nd5 3. c4 Nb6 4. d4 d6 5. exd6 cxd6 6. Nc3 g6 7. Be3 Bg7 8. Bd3 Nc6 9. Nge2 0-0 10. 0-0 e5 11. d5 Ne7 12. b4 f5 13. f3 Nd7 14. c5 Kh8 15. cxd6 Ng8 16. Nb5 Nb6 17. Nc7 Rb8 18. Bc5 Rf6 19. a4 Bd7 20. Bb5 Nc8 21. Ne6 Qe8 22. Nxg7 Kxg7 23. f4 e4 24. Bxd7 Qxd7 25. Bd4 Nxd6 26. Bxf6+ Nxf6 27. Qb3 Qc7 28. a5 Nb5 29. Rac1 Qd6 30. Qc4 a6 31. Rfd1 Rd8 32. Qc5 Rd7 33. Nd4 Nxd4 34. Qxd6 Ne2+ 35. Kf2 Rxd6 36. Rc7+ Kh6 37. Kxe2 g5 38. Rxb7 gxf4 39. Rb6 Ne8 40. Rxd6+ Nxd6 41. b5 Nxb5 42. d6 Nc3+ 43. Ke1 Nxd1 44. Kxd1 f3 45. gxf3 Kg5 46. d7 1-0

[Event "Sao Bernardo LXSBC op 3rd"]
[Site "Sao Bernardo do Campo"]
[Date "2014.09.21"]
[Round "6"]
[White "Leal, Paulo Tarcisio Garc"]
[Black "Lacerda, Vinicius"]
[Result "1-0"]
[WhiteElo "2108"]
[BlackElo "1821"]
[PlyCount "49"]
[EventDate "2014.09.19"]
[EventType "swiss"]
[EventRounds "6"]
[EventCountry "BRA"]
[SourceTitle "EXT 2018"]
[Source "ChessBase"]
[SourceDate "2017.10.13"]
[SourceVersion "1"]
[SourceVersionDate "2017.10.13"]
[SourceQuality "1"]

1. d4 Nf6 2. c4 g6 3. Nc3 Bg7 4. e4 d6 5. f3 0-0 6. Be3 e5 7. d5 Na6 8. Qd2 Ne8 9. g4 Qh4+ 10. Kd1 f5 11. Bg5 Qxg5 12. Qxg5 fxg4 13. Be2 gxf3 14. Nxf3 Nf6 15. Rg1 Nc5 16. Qh4 c6 17. Kc2 cxd5 18. cxd5 Bd7 19. Raf1 Rac8 20. Kb1 Ncxe4 21. Nxe4 Nxe4 22. Bd3 Rxf3 23. Bxe4 Rh3 24. Qe7 Be8 25. Qe6+ 1-0

[Event "Sao Bernardo LXSBC op 3rd"]
[Site "Sao Bernardo do Campo"]
[Date "2014.09.20"]
[Round "3"]
[White "Leal, Paulo Tarcisio Garc"]
[Black "Gerbelli Neto, Eduardo"]
[Result "0-1"]
[WhiteElo "2108"]
[BlackElo "2182"]
[PlyCount "66"]
[EventDate "2014.09.19"]
[EventType "swiss"]
[EventRounds "6"]
[EventCountry "BRA"]
[SourceTitle "EXT 2018"]
[Source "ChessBase"]
[SourceDate "2017.10.13"]
[SourceVersion "1"]
[SourceVersionDate "2017.10.13"]
[SourceQuality "1"]

1. e4 e5 2. Nf3 Nc6 3. Bb5 a6 4. Ba4 d6 5. c3 f5 6. d3 Be7 7. b4 Nf6 8. Bb3 d5 9. exd5 Nxd5 10. 0-0 0-0 11. Re1 Bf6 12. Bg5 Kh8 13. Bxf6 gxf6 14. Nh4 Rg8 15. Bxd5 Qxd5 16. Qf3 Be6 17. Nd2 Rad8 18. d4 Bc8 19. Nb3 e4 20. Qe2 Rde8 21. f4 Rg4 22. g3 Rxh4 23. gxh4 Rg8+ 24. Kf2 e3+ 25. Kxe3 Re8+ 26. Kd2 Rxe2+ 27. Rxe2 Be6 28. Nc5 Nxd4 29. cxd4 Qxd4+ 30. Kc2 Qxa1 31. Rxe6 Qxa2+ 32. Kc3 b5 33. Rxa6 Qc4+ 0-1

[Event "Sao Bernardo do Campo LXSBC op"]
[Site "Sao Bernardo do Campo"]
[Date "2014.07.26"]
[Round "4"]
[White "Leal, Paulo Tarcisio Garc"]
[Black "Gerbelli Neto, Eduardo"]
[Result "0-1"]
[WhiteElo "2119"]
[BlackElo "2152"]
[PlyCount "82"]
[EventDate "2014.07.25"]
[EventType "swiss"]
[EventRounds "6"]
[EventCountry "BRA"]
[SourceTitle "EXT 2016"]
[Source "ChessBase"]
[SourceDate "2015.10.08"]
[SourceVersion "1"]
[SourceVersionDate "2015.10.08"]
[SourceQuality "1"]

1. d4 d5 2. c4 c6 3. Nf3 Nf6 4. e3 e6 5. Nc3 Nbd7 6. Bd3 dxc4 7. Bxc4 b5 8. Bd3 a6 9. e4 c5 10. e5 cxd4 11. Nxb5 axb5 12. exf6 Qb6 13. fxg7 Bxg7 14. Qe2 Bb7 15. Bxb5 Qd6 16. a4 0-0 17. Ra3 e5 18. Ng5 e4 19. Rg3 d3 20. Qd2 Kh8 21. 0-0 Rac8 22. Bxd7 Qxd7 23. Qf4 f5 24. Bd2 Qe7 25. Rh3 h6 26. Rh5 Kg8 27. Nh3 Rc6 28. Bc3 Bxc3 29. bxc3 Qd6 30. Qd2 Qf6 31. c4 Kg7 32. Nf4 Rxc4 33. Rh3 Kh7 34. Qa2 Qc6 35. Qa3 Rf7 36. Qb2 e3 37. fxe3 Rc2 38. Qb5 Rxg2+ 39. Kh1 Rg3+ 40. Qxc6 Bxc6+ 41. Ng2 Bxg2+ 0-1

[Event "Sao Paulo LXSBC 1st Etapa"]
[Site "Sao Paulo"]
[Date "2014.06.30"]
[Round "2.3"]
[White "Leal, Paulo Tarcisio Garc"]
[Black "Mendes, Rodrigo Machado"]
[Result "1/2-1/2"]
[WhiteElo "2140"]
[BlackElo "1903"]
[PlyCount "147"]
[EventDate "2014.06.07"]
[EventType "swiss"]
[EventRounds "6"]
[EventCountry "BRA"]
[SourceTitle "EXT 2022"]
[Source "ChessBase"]
[SourceDate "2021.10.06"]
[SourceVersion "1"]
[SourceVersionDate "2021.10.06"]
[SourceQuality "1"]

1. d4 d5 2. c4 c6 3. Nc3 Nf6 4. Nf3 a6 5. e3 Bg4 6. b3 e6 7. Be2 Bb4 8. Bd2 0-0 9. 0-0 Ba5 10. a3 Bc7 11. Qc2 Bf5 12. Qb2 h6 13. Nh4 Bh7 14. f4 Ne4 15. Nxe4 dxe4 16. g3 Nd7 17. Ng2 Rc8 18. Bc3 f6 19. Rad1 Qe7 20. Rd2 Rfd8 21. Rfd1 b5 22. Bb4 Qf7 23. cxb5 cxb5 24. Rc2 Nb6 25. Rdc1 Qd7 26. Ba5 Nd5 27. Bxc7 Rxc7 28. Rxc7 Nxc7 29. Qc3 Nd5 30. Qc6 Qd6 31. Rc5 Bg6 32. Kf2 Be8 33. Qxd6 Rxd6 34. Rc8 Kf8 35. Bh5 Nc7 36. g4 Rd7 37. Nh4 g5 38. Ng2 Ke7 39. Bxe8 Nxe8 40. Ne1 Rc7 41. Rxc7+ Nxc7 42. fxg5 hxg5 43. Nc2 a5 44. Kg3 Nd5 45. h4 gxh4+ 46. Kxh4 Kf7 47. Kh3 Kg6 48. Kg2 Kg5 49. Kg3 Ne7 50. Ne1 Nd5 51. Ng2 e5 52. dxe5 fxe5 53. Kf2 Kxg4 54. Ne1 Nc3 55. Nc2 Nd5 56. Ne1 Nc3 57. Nc2 Nd1+ 58. Ke2 Nb2 59. Ne1 Kg3 60. Kd2 Kf2 61. Nc2 Nd3 62. Kc3 Ke2 63. a4 b4+ 64. Kc4 Nc1 65. Nxb4 Kxe3 66. Nc6 Kd2 67. Nxe5 e3 68. b4 axb4 69. Nf3+ Kc2 70. Nd4+ Kd2 71. Kxb4 Nd3+ 72. Kb5 Ne5 73. a5 Kd3 74. Nb3 1/2-1/2

[Event "Sao Bernardo do Campo op"]
[Site "Sao Bernardo do Campo"]
[Date "2013.06.29"]
[Round "4"]
[White "Ribeiro, Allysson"]
[Black "Leal, Paulo Tarcisio Garc"]
[Result "0-1"]
[WhiteElo "1850"]
[BlackElo "2132"]
[PlyCount "88"]
[EventDate "2013.06.28"]
[EventType "swiss"]
[EventRounds "6"]
[EventCountry "BRA"]
[SourceTitle "EXT 2014"]
[Source "ChessBase"]
[SourceDate "2013.11.20"]
[SourceVersion "1"]
[SourceVersionDate "2013.11.20"]
[SourceQuality "1"]

1. d4 Nf6 2. c4 c5 3. d5 e6 4. Nc3 exd5 5. cxd5 d6 6. e4 g6 7. f4 Bg7 8. Nf3 0-0 9. Be2 b5 10. Bxb5 Nxe4 11. Nxe4 Qa5+ 12. Kf2 Qxb5 13. Nxd6 Qd7 14. Nc4 Bb7 15. d6 Nc6 16. Re1 Nd4 17. Nfe5 Qf5 18. g3 Qh3 19. Ng4 Bf3 20. Qxf3 Nxf3 21. Kxf3 h5 22. Nf2 Qd7 23. Kg2 Qb7+ 24. Kg1 Qd5 25. Ne5 Qxd6 26. Rd1 Qa6 27. Be3 Rac8 28. a3 Rfe8 29. Bd2 g5 30. Bc3 gxf4 31. gxf4 Bxe5 32. fxe5 Re6 33. Rd3 Rg6+ 34. Rg3 Rd8 35. Ne4 Rxg3+ 36. hxg3 Qe2 37. Re1 Qf3 38. Kh2 Rd3 39. Kh3 Kf8 40. a4 Qg4+ 41. Kh2 h4 42. e6 hxg3+ 43. Kg1 fxe6 44. Rf1+ Rf3 0-1

[Event "Paulista-chT Interclubes"]
[Site "Sao Paulo"]
[Date "2013.02.??"]
[Round "7"]
[White "Leal, Paulo Tarcisio Garc"]
[Black "Cubas, Jose Fernando"]
[Result "0-1"]
[WhiteElo "2132"]
[BlackElo "2537"]
[PlyCount "75"]
[EventDate "2013.02.25"]
[EventType "team-tourn"]
[EventRounds "7"]
[EventCountry "BRA"]
[SourceTitle "EXT 2022"]
[Source "ChessBase"]
[SourceDate "2021.10.06"]
[SourceVersion "1"]
[SourceVersionDate "2021.10.06"]
[SourceQuality "1"]
[WhiteTeam "Primeiro de Maio FC"]
[BlackTeam "Santos CX"]
[WhiteTeamCountry "BRA"]
[BlackTeamCountry "BRA"]

1. d4 Nf6 2. c4 e6 3. Nf3 c5 4. e3 a6 5. Bd3 d5 6. b3 dxc4 7. bxc4 Nc6 8. Bb2 Qb6 9. Qb3 Qxb3 10. axb3 Nb4 11. Ke2 Nxd3 12. Kxd3 b6 13. Nc3 Bb7 14. Na4 Be7 15. Nd2 cxd4 16. exd4 Nd7 17. f3 0-0 18. Ba3 Bxa3 19. Rxa3 Rfd8 20. Ke3 Rab8 21. Nc3 Nf8 22. Ne2 Ng6 23. Rc1 Ne7 24. g4 Rd7 25. Ne4 Rc8 26. Ra2 h6 27. Rd2 Rcd8 28. Rcd1 f5 29. N4c3 fxg4 30. fxg4 Rf8 31. Ne4 Ng6 32. N2c3 Rdf7 33. d5 Rf3+ 34. Ke2 exd5 35. cxd5 a5 36. Re1 Ne5 37. Rg1 R3f4 38. Rg2 0-1

[Event "Santos Paulista-ch"]
[Site "Santos"]
[Date "2011.12.04"]
[Round "5"]
[White "Guimaraes, Artemis Pamela"]
[Black "Leal, Paulo Tarcisio Garc"]
[Result "1-0"]
[WhiteElo "2028"]
[BlackElo "2132"]
[PlyCount "49"]
[EventDate "2011.12.02"]
[EventType "swiss"]
[EventRounds "6"]
[EventCountry "BRA"]
[SourceTitle "CBM 146 Extra"]
[Source "ChessBase"]
[SourceDate "2012.02.29"]
[SourceVersion "1"]
[SourceVersionDate "2012.02.29"]
[SourceQuality "1"]

1. e4 c6 2. d4 d5 3. e5 Bf5 4. Nf3 e6 5. Be2 Nd7 6. Be3 Qb6 7. b3 Bb4+ 8. Kf1 a5 9. a3 Be7 10. Nbd2 h6 11. h3 Qc7 12. c4 f6 13. cxd5 cxd5 14. Bb5 Rc8 15. Nh4 Kf7 16. Nxf5 exf5 17. Qf3 Nb6 18. Qxf5 Bxa3 19. e6+ Ke7 20. Qg6 Kxe6 21. Re1 Qc1 22. Rxc1 Rxc1+ 23. Ke2 Ne7 24. Qg4+ f5 25. Qxg7 1-0

[Event "Sao Bernardo do Campo LXSBC op 07th"]
[Site "Sao Bernardo do Campo"]
[Date "2011.05.21"]
[Round "1"]
[White "Leal, Paulo Tarcisio Garc"]
[Black "Nikolic, Jovane"]
[Result "1-0"]
[WhiteElo "2150"]
[BlackElo "1686"]
[PlyCount "97"]
[EventDate "2011.05.21"]
[EventType "swiss"]
[EventRounds "6"]
[EventCountry "BRA"]
[SourceTitle "EXT 2012"]
[Source "ChessBase"]
[SourceDate "2011.11.24"]
[SourceVersion "1"]
[SourceVersionDate "2011.11.24"]
[SourceQuality "1"]

1. d4 Nf6 2. c4 c5 3. d5 b5 4. cxb5 a6 5. bxa6 Bxa6 6. g3 d6 7. Bg2 g6 8. Nh3 Bg7 9. 0-0 0-0 10. Bd2 Nbd7 11. Bc3 Qc7 12. Re1 Nb6 13. e4 Bb7 14. b3 Ra7 15. Nd2 Rfa8 16. a4 c4 17. a5 Nbd7 18. b4 Ba6 19. Rc1 Rb8 20. f4 Ne8 21. Qc2 Rab7 22. Rb1 Qc8 23. e5 Nf8 24. Nf2 Nc7 25. exd6 exd6 26. Bxg7 Kxg7 27. Nxc4 Bxc4 28. Qxc4 Na6 29. Qxc8 Rxc8 30. b5 Nc5 31. Ne4 Nxe4 32. Rxe4 Rc5 33. Reb4 Nd7 34. a6 Rb6 35. Bh3 f5 36. g4 Kf6 37. g5+ Kf7 38. a7 Rc8 39. Ra4 Ra8 40. Ra6 Rxa6 41. bxa6 Rxa7 42. Rb7 Rxb7 43. axb7 Ke7 44. Bf1 Kd8 45. Bb5 Nb8 46. h4 Kc7 47. h5 Kd8 48. h6 Kc7 49. Be8 1-0

[Event "American Continental 06th"]
[Site "Sao Paulo"]
[Date "2009.08.02"]
[Round "10"]
[White "Nunes, Allan Hurba"]
[Black "Leal, Paulo Tarcisio Garc"]
[Result "1/2-1/2"]
[WhiteElo "1976"]
[BlackElo "2172"]
[PlyCount "80"]
[EventDate "2009.07.25"]
[EventType "swiss"]
[EventRounds "11"]
[EventCountry "BRA"]
[SourceTitle "EXT 2022"]
[Source "ChessBase"]
[SourceDate "2021.10.06"]
[SourceVersion "1"]
[SourceVersionDate "2021.10.06"]
[SourceQuality "1"]

1. d4 d5 2. c4 e6 3. Nc3 Nf6 4. cxd5 exd5 5. Bg5 c6 6. e3 Nbd7 7. Bd3 Bd6 8. Qc2 Qc7 9. Nge2 h6 10. Bf4 a6 11. Bxd6 Qxd6 12. Ng3 0-0 13. 0-0 Re8 14. Nf5 Qe6 15. Rae1 Nf8 16. b4 g6 17. Ng3 Qd6 18. Rb1 Bd7 19. a4 Kg7 20. a5 Ng4 21. Na4 h5 22. Rfe1 Nxh2 23. Kxh2 h4 24. f4 hxg3+ 25. Kxg3 g5 26. Qd2 Re7 27. Kf2 Rae8 28. g3 Bg4 29. Nc5 gxf4 30. exf4 Qf6 31. Rxe7 Rxe7 32. Bf1 Qh6 33. Re1 Ne6 34. Nxe6+ fxe6 35. Qe3 Rf7 36. Qe5+ Kf8 37. Qb8+ Kg7 38. Qe5+ Kg8 39. Bg2 Qg6 40. Qb8+ Rf8 1/2-1/2

[Event "American Continental 06th"]
[Site "Sao Paulo"]
[Date "2009.07.28"]
[Round "5"]
[White "Leal, Paulo Tarcisio Garc"]
[Black "Gonzalez, Bolivar Ribeiro"]
[Result "1/2-1/2"]
[WhiteElo "2172"]
[BlackElo "2292"]
[PlyCount "25"]
[EventDate "2009.07.25"]
[EventType "swiss"]
[EventRounds "11"]
[EventCountry "BRA"]
[SourceTitle "CBM 132 Extra"]
[Source "ChessBase"]
[SourceDate "2009.11.03"]
[SourceVersion "1"]
[SourceVersionDate "2009.11.03"]
[SourceQuality "1"]

1. d4 d5 2. c4 c6 3. Nf3 Nf6 4. e3 e6 5. Bd3 Nbd7 6. b3 a6 7. 0-0 Bd6 8. Bb2 Qc7 9. Nbd2 0-0 10. Rc1 Qb8 11. e4 dxe4 12. Nxe4 Nxe4 13. Bxe4 1/2-1/2

[Event "American Continental 06th"]
[Site "Sao Paulo"]
[Date "2009.07.26"]
[Round "2"]
[White "Van Riemsdijk, Herman Claudius"]
[Black "Leal, Paulo Tarcisio Garc"]
[Result "1-0"]
[WhiteElo "2380"]
[BlackElo "2172"]
[PlyCount "45"]
[EventDate "2009.07.25"]
[EventType "swiss"]
[EventRounds "11"]
[EventCountry "BRA"]
[SourceTitle "CBM 132 Extra"]
[Source "ChessBase"]
[SourceDate "2009.11.03"]
[SourceVersion "1"]
[SourceVersionDate "2009.11.03"]
[SourceQuality "1"]

1. e4 c6 2. d4 d5 3. f3 dxe4 4. fxe4 e5 5. Nf3 exd4 6. Bc4 Be6 7. Bxe6 fxe6 8. 0-0 Be7 9. Nxd4 Qd6 10. Bf4 Qd7 11. Bxb8 Rxb8 12. Qh5+ Kd8 13. Rd1 Kc8 14. Nc3 g6 15. Qa5 b6 16. Qa6+ Rb7 17. Nb3 Qe8 18. Qc4 Bf8 19. Nb5 Bc5+ 20. Nxc5 cxb5 21. Nxb7+ Kxb7 22. Qd4 Nh6 23. Qg7+ 1-0

[Event "Paulista-ch final"]
[Site "Santos"]
[Date "2008.06.29"]
[Round "6"]
[White "Leal, Paulo Tarcisio Garc"]
[Black "Santos, Caio Henrique"]
[Result "1-0"]
[WhiteElo "2211"]
[BlackElo "1861"]
[PlyCount "47"]
[EventDate "2008.06.26"]
[EventType "swiss"]
[EventRounds "7"]
[EventCountry "BRA"]
[SourceTitle "CBM 125 Extra"]
[Source "ChessBase"]
[SourceDate "2008.09.01"]
[SourceVersion "1"]
[SourceVersionDate "2008.09.01"]
[SourceQuality "1"]

1. d4 Nf6 2. c4 c6 3. Nf3 d5 4. cxd5 cxd5 5. Nc3 e6 6. Bf4 Nbd7 7. Qa4 Be7 8. Nb5 0-0 9. Bc7 Qe8 10. Nd6 Nb6 11. Nxe8 Nxa4 12. Nxf6+ gxf6 13. 0-0-0 Ba3 14. bxa3 Bd7 15. Kd2 Rfc8 16. Rc1 Nb2 17. e3 b5 18. Rc2 Nc4+ 19. Bxc4 bxc4 20. Bg3 Ba4 21. Rcc1 Rc6 22. Rc3 Rb6 23. Ra1 a6 24. Kc1 1-0

[Event "Paulista-ch final"]
[Site "Santos"]
[Date "2008.06.28"]
[Round "5"]
[White "Sztokbant, Bernardo Vainzoff"]
[Black "Leal, Paulo Tarcisio Garc"]
[Result "1-0"]
[WhiteElo "1925"]
[BlackElo "2211"]
[PlyCount "123"]
[EventDate "2008.06.26"]
[EventType "swiss"]
[EventRounds "7"]
[EventCountry "BRA"]
[SourceTitle "CBM 125 Extra"]
[Source "ChessBase"]
[SourceDate "2008.09.01"]
[SourceVersion "1"]
[SourceVersionDate "2008.09.01"]
[SourceQuality "1"]

1. e4 d6 2. Bc4 Nf6 3. d3 Nc6 4. Ne2 Na5 5. Bb3 Nxb3 6. axb3 e5 7. 0-0 Be7 8. Nd2 d5 9. Kh1 dxe4 10. dxe4 0-0 11. Nc3 Bg4 12. f3 Be6 13. Qe2 c6 14. Nc4 Qc7 15. Bg5 h6 16. Bh4 b5 17. Nd2 g5 18. Bf2 Nh5 19. Qe3 a6 20. Ne2 Rfd8 21. Rfd1 Rd7 22. Nf1 Rxd1 23. Rxd1 a5 24. Nfg3 Ng7 25. Qb6 Qxb6 26. Bxb6 a4 27. Ra1 a3 28. bxa3 Rxa3 29. Rxa3 Bxa3 30. Nf1 f6 31. Ne3 Kf7 32. g4 h5 33. h3 h4 34. c4 Ke7 35. Kg2 Kd7 36. cxb5 cxb5 37. Nc3 Bxb3 38. Nxb5 Bb2 39. Nd5 Ne6 40. Be3 Bxd5 41. exd5 Nc7 42. Nxc7 Kxc7 43. Bc5 Kd7 44. Kf1 Bd4 45. Bb4 Bb6 46. Ke2 Bd8 47. Kd3 f5 48. gxf5 Bf6 49. Bc5 Kc7 50. Kc4 Kd7 51. Kd3 Kc7 52. Ke4 Kd7 53. Ba3 Kc7 54. Bb2 Kd6 55. Bc3 Bg7 56. Bb4+ Kd7 57. f6 Bxf6 58. Kf5 Be7 59. Bxe7 Kxe7 60. Kxe5 Kd7 61. Kf5 Kd6 62. Kxg5 1-0